<?xml version="1.0" encoding="UTF-8"?><?xml-stylesheet type="text/xsl" href="static/style.xsl"?><OAI-PMH xmlns="http://www.openarchives.org/OAI/2.0/" xmlns:xsi="http://www.w3.org/2001/XMLSchema-instance" xsi:schemaLocation="http://www.openarchives.org/OAI/2.0/ http://www.openarchives.org/OAI/2.0/OAI-PMH.xsd"><responseDate>2026-04-14T04:27:04Z</responseDate><request verb="GetRecord" identifier="oai:www.recercat.cat:2445/217485" metadataPrefix="marc">https://recercat.cat/oai/request</request><GetRecord><record><header><identifier>oai:recercat.cat:2445/217485</identifier><datestamp>2025-12-04T21:47:30Z</datestamp><setSpec>com_2072_1057</setSpec><setSpec>col_2072_478810</setSpec><setSpec>col_2072_478917</setSpec></header><metadata><record xmlns="http://www.loc.gov/MARC21/slim" xmlns:dcterms="http://purl.org/dc/terms/" xmlns:xsi="http://www.w3.org/2001/XMLSchema-instance" xmlns:doc="http://www.lyncode.com/xoai" xsi:schemaLocation="http://www.loc.gov/MARC21/slim http://www.loc.gov/standards/marcxml/schema/MARC21slim.xsd">
   <leader>00925njm 22002777a 4500</leader>
   <datafield ind2=" " ind1=" " tag="042">
      <subfield code="a">dc</subfield>
   </datafield>
   <datafield ind2=" " ind1=" " tag="720">
      <subfield code="a">Fabré Mitjans, Noëlle</subfield>
      <subfield code="e">author</subfield>
   </datafield>
   <datafield ind2=" " ind1=" " tag="720">
      <subfield code="a">Jiménez Valverde, Gregorio</subfield>
      <subfield code="e">author</subfield>
   </datafield>
   <datafield ind2=" " ind1=" " tag="720">
      <subfield code="a">Heras, Carlos, 1986-</subfield>
      <subfield code="e">author</subfield>
   </datafield>
   <datafield ind2=" " ind1=" " tag="720">
      <subfield code="a">Guimerà Ballesta, Gerard</subfield>
      <subfield code="e">author</subfield>
   </datafield>
   <datafield ind2=" " ind1=" " tag="260">
      <subfield code="c">2025-01-14T17:15:48Z</subfield>
   </datafield>
   <datafield ind2=" " ind1=" " tag="260">
      <subfield code="c">2025-01-14T17:15:48Z</subfield>
   </datafield>
   <datafield ind2=" " ind1=" " tag="260">
      <subfield code="c">2024</subfield>
   </datafield>
   <datafield ind2=" " ind1=" " tag="520">
      <subfield code="a">Actualmente están en auge las metodologías de enseñanza basadas en el aprendizaje activo que, a diferencia del aprendizaje transmisivo que se basa en una instrucción centrada en el profesor, se caracteriza por involucrar al alumnado en su propio proceso de aprendizaje (Hernández et al., 2016; Toala Ponce et al., 2022). Según Jonassen (2000) cuando se le brinda al estudiantado la oportunidad de construir su propio conocimiento a partir de su experiencia y reflexión personal se está garantizando un aprendizaje realmente efectivo. Se ha visto que este tipo de aprendizaje estimula el rendimiento académico, la comprensión de contenidos y la motivación (Carcelén, 2019). En concreto, la motivación es un elemento a fomentar en los contextos educativos ya que se ha visto que el alumnado motivado se muestra más deseoso de participar y de aplicar sus conocimientos, viéndose favorecido su aprendizaje (Wang et al., 2019). Una de las teorías que actualmente mejor ayudan a entender la motivación es la Teoría de la Auto-determinación (Self-determination theory, SDT) (Deci y Ryan, 1985; Zainuddin et al., 2020). Dicha teoría proporciona una aproximación integradora y holística de la motivación, ya que incluye la motivación extrínseca, la motivación intrínseca y también la conexión que existe entre ambas (Ryan y Deci, 2000). Mientras que la motivación extrínseca hace referencia a la realización de comportamientos porque se quiere obtener algo independiente al comportamiento en sí, como pueden ser recompensas, reconocimiento social o encontrarle utilidad al comportamiento, la motivación intrínseca implica involucrarse en una actividad porque esta se percibe como algo que proporciona placer y resulta interesante (Ryan y Deci, 2017). Muchos autores defienden que se debe priorizar la estimulación de la motivación intrínseca ya que es la que perdura más en el tiempo (DeLong y Winter, 2002), y la que se asocia a un mayor esfuerzo y constancia por parte del estudiantado (Deci y Ryan, 2008).</subfield>
   </datafield>
   <datafield tag="653" ind2=" " ind1=" ">
      <subfield code="a">Mestres d'educació infantil</subfield>
   </datafield>
   <datafield tag="653" ind2=" " ind1=" ">
      <subfield code="a">Formació del professorat</subfield>
   </datafield>
   <datafield tag="653" ind2=" " ind1=" ">
      <subfield code="a">Ludificació</subfield>
   </datafield>
   <datafield tag="653" ind2=" " ind1=" ">
      <subfield code="a">Preschool teachers</subfield>
   </datafield>
   <datafield tag="653" ind2=" " ind1=" ">
      <subfield code="a">Teacher training</subfield>
   </datafield>
   <datafield tag="653" ind2=" " ind1=" ">
      <subfield code="a">Gamification</subfield>
   </datafield>
   <datafield ind2="0" ind1="0" tag="245">
      <subfield code="a">Mejorando una asignatura gamificada del grado de maestro de educación infantil mediante la cocreación de recompensas</subfield>
   </datafield>
</record></metadata></record></GetRecord></OAI-PMH>